000 00407nam a2200145Ia 4500
008 230917s9999||||xx |||||||||||||| ||und||
040 _e39847
_aMAIN
041 _aEnglish
082 _a954.029 B675R
100 _aBowen, HV
245 0 _aRevenue and reform: the Indian problem in British politics 1757-1973
260 _aCambridge
_bCambridge University Press
_c1991
300 _axi, 204 p.
942 _cBK
999 _c65746
_d65746